Juan Pablo Duarte : (Registro nro. 7626)

Detalles MARC
000 -LIDER
fixed length control field 00785nam a2200229 a 4500
001 - NÚMERO DE CONTROL
Identificador de número de control 000039299
003 - IDENTIFICACDOR DE NÚMERO DE CONTROL
control field DO-SdBNP
005 - DATE AND TIME OF LATEST TRANSACTION
control field 20180214100048.0
007 - CAMPOS FIJOS DE DESCRIPCIÓN FÍSICA
fixed length control field 000039299
008 - ELEMENTOS DE LONGITUD FIJA
fixed length control field 130621s2013 dr c 000 0 spa d
040 ## - FUENTE DE CATALOGACIÓN
Agencia que crea de manera original el registro BPMET
Idioma de catalogación spa
Agencia que realiza la transcripción BPMET
100 1# - ASIENTO PRINCIPAL -- NOMBRE PERSONAL
Nombre personal González, Narciso
Forma completa del nombre Narcisazo
245 10 - MENCIÓN DE TITULO
Título Juan Pablo Duarte :
Subtítulo principios para un gran final /
Mención de responsabilidad Narciso González.
260 ## - PUBLICACIÓN, DISTRIBUCIÓN, ETC. (PIE DE IMPRENTA)
Lugar de publicación, distribución, etc Santo Domingo :
Nombre del editor, distribuidor, etc. Sociedad de Animadores de la Cultura y la Democrácia (SACUDE),
Fecha de publicación, distribución, etc 2013.
300 ## - DESCRIPCIÓN FÍSICA
Extensión 24 P. :
Otros detalles físicos retrs. ;
Dimensiones 23 cm.
930 #1 - EQUIVALENCE OR CROSS-REFERENCE-UNIFORM TITLE HEADING [LOCAL, CANADA]
Language of a work BND01
Medium of performance for music LF1
Field link and sequence number 20130621
Date of a work 04
Name of part/section of a work CT
Miscellaneous information 37417
942 ## - ADDED ENTRY ELEMENTS (KOHA)
Source of classification or shelving scheme Dewey Decimal Classification
Koha item type Libros
945 ## - INFORMACIÓN DE PROCESAMIENTO LOCAL
Información de procesamiento local inventariado, 2018 / dg
956 ## - LOCAL ELECTRONIC LOCATION AND ACCESS (OCLC)
Nombre de host WMENDOZA
Número de acceso 10
Información de compresión 20130621
Inicio de sesión BND01
Procesador de solicitud 1205
956 ## - LOCAL ELECTRONIC LOCATION AND ACCESS (OCLC)
Nombre de host NMORDAN
Número de acceso 10
Información de compresión 20130624
Inicio de sesión BND01
Procesador de solicitud 1054
956 ## - LOCAL ELECTRONIC LOCATION AND ACCESS (OCLC)
Nombre de host VMATEO
Número de acceso 10
Información de compresión 20150413
Inicio de sesión BND01
Procesador de solicitud 00151
Existencias
Withdrawn status Lost status Source of classification or shelving scheme Damaged status Not for loan Home library Current library Date acquired Total Checkouts Barcode Date last seen Price effective from Koha item type
    Dewey Decimal Classification     Biblioteca Pública Metropolitana Salomé Ureña Biblioteca Pública Metropolitana Salomé Ureña 04/13/2015   BPMSU15041246 04/13/2015 04/13/2015 Libros